[Event "90th GER-ch 2019"]
[Site "Magdeburg"]
[Date "2019.05.28"]
[Round "4.13"]
[White "Schulz, Lukas"]
[Black "Moeller, Dustin"]
[Result "0-1"]
[WhiteElo "2302"]
[BlackElo "2156"]
[Annotator "ChessBase"]
[PlyCount "79"]
[EventDate "2019.05.26"]
[EventType "tourn"]
[EventCountry "GER"]
[SourceTitle "playchess.com"]
[Source "ChessBase"]
[SourceQuality "1"]
[TimeControl "40/5400+30:1800+30"]

1. e4 {[%emt 0:00:00]} c6 {[%emt 0:00:00]} 2. Nc3 {[%emt 0:00:05]} d5 {[%emt 0:00:00]} 3. g3 {[%emt 0:01:15]} d4 {[%emt 0:00:10]} 4. Nce2 {[%emt 0:00:22]} e5 {[%emt 0:00:07]} 5. d3 {[%emt 0:00:07]} Bd6 {[%emt 0:00:19]} 6. Bg2 {[%emt 0:00:31]} Nf6 {[%emt 0:00:32]} 7. f4 {[%emt 0:01:37]} c5 {[%emt 0:00:23]} 8. Nf3 {[%emt 0:01:50]} Nc6 {[%emt 0:00:11]} 9. O-O {[%emt 0:00:18]} O-O {[%emt 0:00:23]} 10. f5 {[%emt 0:05:13]} b5 {[%emt 0:00:06]} 11. h3 {[%emt 0:04:14]} a5 {[%emt 0:00:06]} 12. g4 {[%emt 0:01:14]} h6 {[%emt 0:00:06]} 13. g5 {[%emt 0:13:25]} hxg5 {[%emt 0:00:18]} 14. Bxg5 {[%emt 0:00:05]} Be7 {[%emt 0:01:52]} 15. Qe1 {[%emt 0:01:48]} Nh7 {[%emt 0:05:44]} 16. Bd2 {[%emt 0:02:41]} c4 {[%emt 0:04:15]} 17. Qg3 {[%emt 0:03:32]} Bf6 {[%emt 0:00:21]} 18. Kh1 {[%emt 0:08:01]} b4 {[%emt 0:06:30]} 19. h4 {[%emt 0:12:53]} Ba6 {[%emt 0:12:29]} 20. Ng5 {[%emt 0:01:26]} c3 {[%emt 0:06:02]} 21. bxc3 {[%emt 0:11:29]} bxc3 {[%emt 0:00:07]} 22. Nxh7 {[%emt 0:01:08]} Kxh7 {[%emt 0:04:14]} 23. Bg5 {[%emt 0:00:04]} Rh8 {[%emt 0:04:45]} 24. Ng1 {[%emt 0:05:45]} Bxg5 {[%emt 0:03:54]} 25. hxg5 {[%emt 0:00:08]} Kg8+ {[%emt 0:00:05]} 26. Bh3 {[%emt 0:00:16]} f6 {[%emt 0:07:51]} 27. Nf3 {[%emt 0:00:58]} Kf7 {[%emt 0:01:31]} 28. Rf2 {[%emt 0:04:06]} Ke7 {[%emt 0:02:21]} 29. Kh2 {[%emt 0:04:34]} Kd6 {[%emt 0:01:14]} 30. Rg1 {[%emt 0:00:30]} Ra7 {[%emt 0:04:59]} 31. Rfg2 {[%emt 0:01:18]} Kc5 {[%emt 0:05:16]} 32. Qe1 {[%emt 0:02:02]} Qe8 {[%emt 0:02:10]} 33. gxf6 {[%emt 0:03:15]} Qh5 {[%emt 0:01:14]} 34. Ng5 {[%emt 0:01:43]} gxf6 {[%emt 0:01:09]} 35. Ne6+ {[%emt 0:00:03]} Kd6 {[%emt 0:00:14]} 36. Rg3 {[%emt 0:00:39]} Rb7 {[%emt 0:03:32]} 37. a3 {[%emt 0:05:29]} Rb2 {[%emt 0:00:40]} 38. R1g2 {[%emt 0:01:36]} Bb5 {[%emt 0:04:38]} 39. Re2 {[%emt 0:02:10]} Ba4 {[%emt 0:01:50]} 40. Reg2 0-1

[Event "90th GER-ch 2019"]
[Site "Magdeburg"]
[Date "2019.05.28"]
[Round "4.14"]
[White "Heimrath, Reiner"]
[Black "Adiyaman, Rene"]
[Result "1-0"]
[WhiteElo "2239"]
[BlackElo "2175"]
[Annotator "ChessBase"]
[PlyCount "129"]
[EventDate "2019.05.26"]
[EventType "tourn"]
[EventCountry "GER"]
[SourceTitle "playchess.com"]
[Source "ChessBase"]
[SourceQuality "1"]
[TimeControl "40/5400+30:1800+30"]

1. Nf3 d5 2. g3 c6 3. Bg2 Nf6 4. O-O Bf5 5. d3 e6 6. Nbd2 h6 7. b3 Be7 8. Bb2 O-O 9. Qe1 Nbd7 10. e4 Bh7 11. Qe2 Nc5 12. Ne5 a5 13. a4 Nfd7 14. Nxd7 Nxd7 15. Rad1 Bf6 16. Ba3 Re8 17. f4 Rc8 18. Kh1 b5 19. e5 Be7 20. Ra1 Bxa3 21. Rxa3 b4 22. Raa1 c5 23. g4 Qc7 24. Rae1 Nb6 25. f5 exf5 26. gxf5 f6 27. e6 Re7 28. Qg4 Kh8 29. Re3 c4 30. Nf3 Qd8 31. Nd4 cxb3 32. cxb3 Rc3 33. Qf4 Qc7 34. Qh4 Qc5 35. h3 Nc8 36. Qf4 Nd6 37. Rg3 Qc7 38. Kh2 Rc5 39. Kg1 Ne8 40. Qf2 Nd6 41. Re3 Nxf5 42. Nxf5 Bxf5 43. d4 Rc3 44. Rxc3 Qxc3 45. Qxf5 Qe3+ 46. Kh1 Qxe6 47. Bxd5 Qe3 48. Rg1 Re8 49. Bc4 Re4 50. Qc8+ Re8 51. Qg4 Re7 52. Qg3 Qe4+ 53. Rg2 g5 54. Kh2 Kg7 55. Re2 Qb7 56. Rxe7+ Qxe7 57. Qb8 h5 58. Qg8+ Kh6 59. Qh8+ Kg6 60. Bd3+ f5 61. Qe5 Qd7 62. d5 Qf7 63. Qe6+ Qxe6 64. dxe6 Kf6 65. Bxf5 1-0

[Event "90th GER-ch 2019"]
[Site "Magdeburg"]
[Date "2019.05.28"]
[Round "4.15"]
[White "Dauth, Benjamin"]
[Black "Kardoeus, David"]
[Result "0-1"]
[WhiteElo "2295"]
[BlackElo "2202"]
[Annotator "ChessBase"]
[PlyCount "108"]
[EventDate "2019.05.26"]
[EventType "tourn"]
[EventCountry "GER"]
[SourceTitle "playchess.com"]
[Source "ChessBase"]
[SourceQuality "1"]
[TimeControl "40/5400+30:1800+30"]

1. e4 {[%emt 0:00:07]} c5 {[%emt 0:00:00]} 2. c3 {[%emt 0:00:58]} Nf6 {[%emt 0:00:38]} 3. d3 {[%emt 0:01:31]} Nc6 {[%emt 0:03:33]} 4. f4 {[%emt 0:00:52]} d5 {[%emt 0:06:12]} 5. e5 {[%emt 0:00:32]} Nd7 {[%emt 0:08:56]} 6. Nf3 {[%emt 0:01:05]} d4 {[%emt 0:03:02]} 7. Nbd2 {[%emt 0:01:17]} f6 {[%emt 0:00:23]} 8. e6 {[%emt 0:19:25]} Nb6 {[%emt 0:03:06]} 9. f5 {[%emt 0:01:10]} Qd5 {[%emt 0:05:58]} 10. g4 {[%emt 0:07:05]} dxc3 {[%emt 0:06:30]} 11. bxc3 {[%emt 0:00:04]} Ne5 {[%emt 0:08:12]} 12. c4 {[%emt 0:01:51]} Nxd3+ {[%emt 0:04:33]} 13. Bxd3 {[%emt 0:01:03]} Qxd3 {[%emt 0:00:11]} 14. Qb3 {[%emt 0:11:09]} Qxb3 {[%emt 0:10:53]} 15. axb3 {[%emt 0:00:31]} h5 {[%emt 0:00:07]} 16. g5 {[%emt 0:06:58]} g6 {[%emt 0:12:07]} 17. Ba3 {[%emt 0:01:01]} gxf5 {[%emt 0:06:02]} 18. Bxc5 {[%emt 0:00:07]} Rb8 {[%emt 0:00:08]} 19. Rxa7 {[%emt 0:06:58]} Na8 {[%emt 0:00:07]} 20. Be3 {[%emt 0:01:10]} Nc7 {[%emt 0:02:24]} 21. Bf4 {[%emt 0:00:49]} Ra8 {[%emt 0:00:08]} 22. Rxa8 {[%emt 0:15:49]} Nxa8 23. gxf6 {[%emt 0:00:11]} exf6 {[%emt 0:01:36]} 24. Nd4 {[%emt 0:00:28]} Rg8 {[%emt 0:01:30]} 25. Rf1 {[%emt 0:03:34]} Bb4 {[%emt 0:01:33]} 26. Be3 {[%emt 0:05:07]} Nc7 {[%emt 0:00:54]} 27. Rxf5 {[%emt 0:00:17]} Ke7 {[%emt 0:00:40]} 28. Rxh5 {[%emt 0:01:05]} Nxe6 {[%emt 0:01:01]} 29. Rh7+ {[%emt 0:04:03]} Kd6 {[%emt 0:00:02]} 30. Nxe6 {[%emt 0:00:37]} Kxe6 {[%emt 0:01:41]} 31. Kf2 {[%emt 0:00:38]} Ke5 {[%emt 0:00:52]} 32. Rh4 {[%emt 0:01:09]} Rg4 {[%emt 0:01:56]} 33. Rh8 {[%emt 0:00:53]} Bd7 {[%emt 0:00:10]} 34. Nf3+ {[%emt 0:00:57]} Ke4 {[%emt 0:00:22]} 35. Rd8 {[%emt 0:00:54]} Rg7 {[%emt 0:01:19]} 36. h4 {[%emt 0:01:18]} Bd6 {[%emt 0:01:13]} 37. h5 {[%emt 0:00:42]} Bg3+ {[%emt 0:00:01]} 38. Ke2 {[%emt 0:00:08]} Bc7 {[%emt 0:00:09]} 39. Nd2+ {[%emt 0:00:04]} Ke5 {[%emt 0:00:33]} 40. Rh8 {[%emt 0:01:06]} Bg4+ {[%emt 0:05:44]} 41. Kf2 {[%emt 0:30:58]} Ba5 {[%emt 0:33:11]} 42. Re8+ {[%emt 0:01:59]} Kf5 {[%emt 0:00:26]} 43. h6 {[%emt 0:00:12]} Rh7 {[%emt 0:01:07]} 44. Ne4 {[%emt 0:01:10]} Bc7 {[%emt 0:00:02]} 45. c5 {[%emt 0:02:19]} Bh5 {[%emt 0:00:41]} 46. Nxf6 {[%emt 0:00:00]} Kxf6 {[%emt 0:00:00]} 47. Rf8+ {[%emt 0:00:00]} Ke7 {[%emt 0:00:00]} 48. Ra8 {[%emt 0:00:00]} Rf7+ {[%emt 0:00:00]} 49. Ke1 {[%emt 0:00:00]} Kd7 {[%emt 0:00:00]} 50. b4 {[%emt 0:00:00]} Kc6 {[%emt 0:00:00]} 51. Rc8 {[%emt 0:00:00]} Kb5 {[%emt 0:00:00]} 52. Rg8 {[%emt 0:00:00]} Kxb4 {[%emt 0:00:00]} 53. Bd4 {[%emt 0:00:00]} Kc4 {[%emt 0:00:00]} 54. Bg7 {[%emt 0:00:00]} Ba5+ {[%emt 0:00:00]} 0-1

[Event "90th GER-ch 2019"]
[Site "Magdeburg"]
[Date "2019.05.28"]
[Round "4.16"]
[White "Nosek, Reinhard"]
[Black "Guenther, Andreas"]
[Result "1-0"]
[WhiteElo "1913"]
[BlackElo "2121"]
[Annotator "TA"]
[PlyCount "109"]
[EventDate "2019.05.26"]
[EventType "tourn"]
[EventCountry "GER"]
[SourceTitle "playchess.com"]
[Source "ChessBase"]
[SourceQuality "1"]

{[%evp 9,109,6,18,0,0,-12,-12,-20,-14,-16,-20,-17,-7,-5,-5,-8,1,-70,-17,-27,-23,-85,-56,-34,-36,-101,-99,-80,-73,-115,-85,-66,-46,-55,-62,-67,-55,-78,-89,-76,-71,-106,-97,-140,-123,-140,-91,-180,-177,-174,-133,-231,-83,-84,0,0,0,0,0,0,37,33,134,129,244,264,250,220,192,90,86,87,80,71,76,83,73,72,112,115,145,65,143,120,293,277,401,398,344,182,804,800,2556,1075,2437,1985,29983,1008,29990,29991,29992,29993]} 1. d4 f5 2. Bf4 Nf6 3. Nd2 (3. e3 e6 4. Nf3 Be7 5. h3 O-O 6. c4 d6 7. Nc3 Qe8 8. Be2 Nc6 9. Bh2 Bd7 10. a3 Qg6 11. Nh4 Qh6 12. Nf3 Qg6 13. Rg1 Ne4 {1-0 (59) Sjugirov,S (2663)-Amin,B (2710) St Petersburg 2018}) 3... e6 4. e3 Be7 5. Be2 O-O 6. Bg3 $146 {A80: Dutch Defence: Unusual White second moves} ({Predecessor:} 6. h3 d6 7. c3 Nbd7 8. Ngf3 h6 9. Qb3 Nd5 10. Bh2 N7f6 11. O-O Ne4 {1-0 (36) Rottenwoerer,C (1665)-Saber,S (1783) Madrid 2017}) 6... b6 7. Bf3 d5 8. Be2 {The position is equal.} c5 9. Nh3 Nc6 10. c3 Bd6 11. Nf3 Ne4 12. Bb5 Ne7 13. Bh4 (13. Bxd6 $11 Qxd6 14. Ne5) 13... Bd7 ({Black should try} 13... Qc7 $15) 14. Bxd7 $11 Qxd7 15. Nfg5 (15. Bg3 $11) 15... h6 16. Nxe4 fxe4 17. Qh5 (17. Bg3 $15) 17... Rf5 $17 18. Qe2 Raf8 19. O-O-O g5 20. Bg3 Ng6 21. Rhf1 Bxg3 22. hxg3 Qf7 23. Rd2 c4 24. Qh5 {Hoping for g4.} Kg7 25. Qe2 b5 26. Ng1 a5 27. f4 b4 28. g4 (28. Kb1 $17) 28... Rf6 $19 {[%cal Rg5f4]} 29. g3 Rb8 30. Nh3 {[#]} (30. Rf2 $17 {was called for.}) 30... gxf4 (30... e5 $1 $19 {[%mdl 512] and Black stays clearly on top.} 31. cxb4 (31. dxe5 Nxe5) 31... axb4) 31. gxf4 $17 Nh4 (31... bxc3 $17 32. Rc2 cxb2+ 33. Rxb2 Rxb2 34. Qxb2 Nh4) 32. g5 $11 Rg6 $1 33. gxh6+ Kh8 34. Qh5 Qf6 {Threatens to win with ...bxc3.} 35. Ng5 Nf5 (35... bxc3 $14 36. bxc3 Nf3 37. Nxf3 exf3) 36. Rg1 $1 $16 bxc3 ({Avoid the trap} 36... Nxe3 $2 37. Nf7+ $1 {[%mdl 512]} Qxf7 38. Rxg6 $18 (38. Qxg6 Qxg6 39. Rxg6 b3 $18)) (36... Rgg8 $16) 37. bxc3 $18 Ne7 38. h7 Rg7 39. Rgg2 $40 {[%mdl 128] White has strong attack.} (39. Rb2 $18 {has better winning chances.} Rf8 40. Kd2) 39... Nf5 40. Rb2 Rf8 41. Qh3 Qe7 42. Kb1 Rg6 {And now ...Rh6 would win.} 43. Rge2 Rh6 44. Qg2 Nh4 45. Qh2 ({Better is} 45. Qh1 $16 Nf5 46. Qg1) 45... Nf5 (45... a4 $14) 46. Qg1 $16 a4 $2 {[#]} (46... Rg6 $16 {was worth a try.}) 47. a3 $1 $18 {[%mdl 512]} Nd6 (47... Rg6 $142 48. Rh2 Rg7) (47... Qxa3 48. Nf7+) 48. Rb6 Nf7 49. Qg3 (49. Reb2 $142 {Strongly threatening Rb7!} Nd8 50. Rb8) 49... Nd6 $2 {[#]} (49... Rg6) 50. Rxd6 $1 {[%mdl 512]} Rh1+ (50... Qxd6 51. Nf7+) 51. Ka2 ({Less strong is} 51. Kc2 Qb7 $16) 51... e5 52. dxe5 Rb8 {[#]} 53. Qg2 (53. e6 $142 $1 Qf6 54. Nf7+ Kxh7 55. Ng5+ Kh8 56. Rh2+ Rxh2+ 57. Qxh2+ Kg8 58. e7) 53... Rc1 54. Rb2 Rf8 55. e6 {Accuracy: White = 41%, Black = 37%.} 1-0

[Event "90th GER-ch 2019"]
[Site "Magdeburg"]
[Date "2019.05.29"]
[Round "5.1"]
[White "Kollars, Dmitrij"]
[Black "Graf, Alexander"]
[Result "1-0"]
[WhiteElo "2561"]
[BlackElo "2572"]
[Annotator "TA"]
[PlyCount "77"]
[EventDate "2019.05.26"]
[EventType "tourn"]
[EventCountry "GER"]
[SourceTitle "playchess.com"]
[Source "ChessBase"]
[SourceQuality "1"]

{[%evp 10,77,29,29,44,33,31,29,52,36,62,39,40,7,21,4,12,8,31,0,8,11,20,11,56,37,188,185,189,190,192,192,195,187,211,204,252,254,265,273,240,126,133,127,143,145,199,196,234,211,280,233,237,236,291,287,295,272,257,274,257,257,310,309,378,366,514,502,477,473]} 1. e4 e5 2. Nf3 Nc6 3. Bc4 Nf6 4. d3 Be7 5. O-O d6 6. a4 a5 {C55: Two Knights: 4 d3, 4 d4 exd4 5 e5 and Max Lange Attack} (6... O-O 7. Re1 Be6 8. Na3 Qd7 9. c3 Rae8 10. Bxe6 fxe6 11. Nc4 Kh8 12. h3 Bd8 13. Be3 a6 14. b4 Ne7 15. Rb1 b5 16. axb5 axb5 {1-0 (41) Jones,G (2682)-McShane,L (2664) London 2018}) 7. c3 O-O 8. Re1 Nd7 {White has an edge.} 9. Be3 Kh8 10. d4 exd4 $146 ({Predecessor:} 10... Nb6 11. Bb5 exd4 12. cxd4 f5 13. e5 f4 14. Bd2 Bg4 15. Bc3 dxe5 16. Bxc6 bxc6 17. dxe5 {1-0 (44) Benderac,S (2345)-Tisdall,J (2481) Rethymno 2003}) 11. cxd4 Nb6 12. Bb3 d5 13. Nc3 {[%cal Rc3d5]} dxe4 14. Ne5 (14. Nxe4 $5 {[%cal Rd4d5]} Nb4 15. Nc3 $11) 14... Nxe5 15. dxe5 Qxd1 16. Rexd1 Bg4 17. Rdc1 $36 {[%mdl 3072] White has compensation. White is more active.} f5 $2 (17... Rac8 $14) 18. h3 $18 Bh5 {[#]} 19. Nb5 $1 {[%cal Rb5c7]} f4 20. Bd4 c5 21. Bxc5 Bxc5 22. Rxc5 {Hoping for e6.} Nd7 23. Rd5 Bf7 24. Rxd7 Bxb3 {[#]} 25. Nd6 ({Much less strong is} 25. Rxb7 $6 Rfb8 $16) (25. Nc7 $1 $18) 25... b6 $16 26. Nxe4 Rae8 27. Nd2 Be6 (27... Bc2 $16 28. Nf3 Kg8) 28. Rd6 $18 Bf5 29. Nc4 Kg8 30. Re1 Re6 31. Nxb6 Rfe8 {And now ...Rxd6 would win.} 32. Nc4 Bc2 33. Rxe6 Rxe6 34. Nxa5 Bxa4 {KRB-KRN} 35. Nc4 Rc6 36. Nd6 Kf8 37. Re4 Bc2 (37... Bb3 {might work better.} 38. Rxf4+ Ke7) 38. Rxf4+ Ke7 39. Rc4 {Accuracy: White = 58%, Black = 35%.} 1-0

[Event "90th GER-ch 2019"]
[Site "Magdeburg"]
[Date "2019.05.29"]
[Round "5.2"]
[White "Krassowizkij, Jaroslaw"]
[Black "Pfreundt, Jakob"]
[Result "1/2-1/2"]
[WhiteElo "2450"]
[BlackElo "2392"]
[Annotator "TA"]
[PlyCount "80"]
[EventDate "2019.05.26"]
[EventType "tourn"]
[EventCountry "GER"]
[SourceTitle "playchess.com"]
[Source "ChessBase"]
[SourceQuality "1"]

{[%evp 20,80,68,50,73,65,81,69,68,60,83,75,59,52,68,31,47,28,28,22,50,32,40,0,0,2,39,32,36,12,26,0,0,0,0,-33,0,-81,-81,-87,-80,-66,-24,-325,-18,-18,0,0,0,0,0,0,0,0,0,0,0,0,0,0,0,0,0]} 1. Nf3 Nf6 2. c4 c5 3. Nc3 g6 4. e4 Bg7 5. d4 cxd4 6. Nxd4 O-O 7. Be2 Nc6 8. Be3 d6 9. f3 Bd7 10. Qd2 Nxd4 11. Bxd4 Bc6 {B38: Sicilian: Maroczy Bind with 5...Bg7 and 7...0-0} (11... a5 12. b3 Bc6 13. O-O Nd7 14. Be3 Nc5 15. Rab1 e6 16. a3 Be5 17. b4 axb4 18. axb4 Ra3 19. bxc5 Rxc3 20. f4 Bg7 21. e5 dxe5 22. Qxc3 exf4 23. Qd2 Qg5 {0-1 (43) Bu,X (2730)-Savchenko,B (2566) Riadh 2017}) 12. O-O-O Qa5 13. Kb1 Rfc8 {White is slightly better.} 14. h4 $146 ({Predecessor:} 14. g4 a6 15. h4 b5 16. h5 bxc4 17. hxg6 hxg6 18. Bxc4 Rab8 19. Bb3 {1-0 (27) Trigo Urquijo,S (2383)-Barbazan Bilbao,X (2094) Getxo 2019}) 14... Nh5 15. Bxg7 Kxg7 16. Bd3 e5 17. Bc2 Rd8 18. Ne2 (18. g4 {is more complex.} Nf4 19. h5 g5 20. h6+ Kg8 21. b3) 18... Qxd2 19. Rxd2 Kf8 20. Rhd1 Ke7 21. b4 {[%cal Bb2b4,Bb4b5][%mdl 32]} (21. g4 $5 {[%cal Rg4h5]} Ng7 22. f4 $14) 21... b6 22. g4 Nf4 (22... Ng7 {is interesting.} 23. f4 Rac8 24. f5 Bb7 25. g5 Kf8) 23. Nxf4 exf4 24. Kb2 a5 25. b5 Bb7 26. Kc3 Rac8 27. Kd4 Rc5 28. Bd3 (28. Kc3 $11 {remains equal.}) 28... Bc8 $17 29. Rh1 Be6 30. h5 g5 31. a4 $2 {[%mdl 8192] [#]} (31. Rc2 $11 {and White is okay.}) 31... h6 $2 ({Black should try} 31... d5 $1 $19 {[%cal Rd5c4]} 32. exd5 Bxd5 33. Re1+ (33. cxd5 $2 Rdxd5+ 34. Ke4 Rd6 $19) 33... Kf6) 32. Rhd1 $11 {The position is equal.} d5 33. cxd5 Bxd5 34. exd5 Rdxd5+ 35. Ke4 Re5+ 36. Kd4 {[#] aiming for Be4.} Red5+ 37. Ke4 Re5+ 38. Kd4 {Threatens to win with Be4.} Red5+ 39. Ke4 Re5+ 40. Kd4 {Hoping for Be4.} Red5+ {Accuracy: White = 48%, Black = 54%.} 1/2-1/2

[Event "90th GER-ch 2019"]
[Site "Magdeburg"]
[Date "2019.05.29"]
[Round "5.3"]
[White "Engel, Luis"]
[Black "Huschenbeth, Niclas"]
[Result "0-1"]
[WhiteElo "2512"]
[BlackElo "2603"]
[Annotator "TA"]
[PlyCount "98"]
[EventDate "2019.05.26"]
[EventType "tourn"]
[EventCountry "GER"]
[SourceTitle "playchess.com"]
[Source "ChessBase"]
[SourceQuality "1"]

{[%evp 12,98,6,0,0,5,16,5,2,0,0,0,0,0,0,0,0,0,0,0,84,0,0,0,19,5,18,23,31,31,33,33,32,31,32,31,24,24,44,35,28,2,10,0,71,0,25,-8,-2,-39,-24,-35,0,-18,-23,-41,-12,-28,-10,-15,-16,-25,-19,-126,-22,-128,-120,-113,-14,-193,-185,-365,-365,-489,-490,-903,-882,-837,-785,-1396,-1363,-1324,-1344,-1304,-1286,-1275,-1275,-1142,-1022]} 1. e4 e6 2. d4 d5 3. Nd2 c5 4. exd5 Qxd5 5. dxc5 Bxc5 6. Ngf3 Nf6 7. Bc4 Qc6 {C07: French Tarrasch: 3...c5, 4 Ngf3 and 4 exd5 Qxd5} 8. O-O O-O 9. Qe2 a6 {The position is equal.} (9... b6 10. Nb3 Bb7 11. Nxc5 Qxc5 12. b3 Nbd7 13. Bb2 Qh5 14. Ne5 Qxe2 15. Bxe2 Nxe5 16. Bxe5 {½-½ (68) Bruzon Batista,L (2653)-Lenderman,A (2626) Saint Louis 2018}) 10. Ne5 Qc7 11. Ndf3 b5 12. Bd3 Bb7 13. Bf4 {aiming for Ng6.} Bd6 14. Rfe1 $146 ({Predecessor:} 14. Rad1 Nc6 15. Bg3 {½-½ (45) Lajthajm,B (2431)-Ozen,D (2410) Tekirdag 2019}) 14... Nc6 15. c3 Nd5 (15... Nxe5 $11 16. Nxe5 Rfd8) 16. Bg3 ({Avoid the trap} 16. Qe4 $2 f5 $19) (16. Bxh7+ $1 $16 Kxh7 17. Qd3+ (17. Ng5+ Kg8 $14) 17... Kg8 18. Ng5) 16... Nxe5 $11 17. Nxe5 g6 18. Rad1 {[%cal Ba1d1,Bd1d3,Bd3c3,Bc3c7][%mdl 32]} Rad8 19. c4 Nb4 20. cxb5 Nxd3 21. Rxd3 {Threatens to win with Rc3.} axb5 22. Rc3 Qb6 23. Ng4 Bxg3 24. hxg3 {Hoping for Qe5.} Qd4 25. Rc7 Ba8 26. Rec1 h5 27. Ne5 Rd5 (27... Be4 $11 {remains equal.} 28. R1c5 f6) 28. Nf3 (28. Nxf7 $16 Rxf7 29. Rxf7 Kxf7 30. Qf3+ Kg8 31. Rc8+ {[%mdl 64] Double Attack} Kh7 32. Rc7+ (32. Rxa8 Qd1+ 33. Kh2 Qxf3 $11) 32... Kh6 33. Qf8+ Kg5 34. Qxa8) 28... Qb6 29. Qc2 Rfd8 30. Re1 Qd6 31. Rc8 Bb7 32. Rxd8+ Qxd8 33. Ne5 Rd2 34. Qc3 $1 Qd4 $36 {[%mdl 2048] Black has the initiative.} 35. Qxd4 Rxd4 {[%mdl 4096] Endgame KRB-KRN} 36. Rc1 Bd5 37. Rc7 (37. Rc8+ $11 Kg7 38. Rc7) 37... Rd1+ $17 38. Kh2 {[#]} Rd2 $1 {[%cal Rd2f2]} 39. f3 {[#]} Rxb2 ({Black should play} 39... b4 $1 $17 40. Nxf7 Rxb2) 40. Nxf7 $2 (40. a3 $1 $11 {and White is okay.}) 40... Rxa2 $19 41. Kh3 $2 (41. Ng5) 41... b4 {[%cal Bb5b4,Bb4b3,Bb3b2][%mdl 32]} 42. Kh4 {intending Kg5.} b3 {Black is clearly winning.} 43. Kg5 (43. Nd6 $142 Rc2 44. Rd7) 43... b2 44. Nh6+ Kf8 45. Kf6 Ra8 46. Rf7+ Ke8 47. Re7+ Kd8 48. Nf7+ Kc8 49. Nd6+ Kb8 {Accuracy: White = 49%, Black = 57%.} 0-1

[Event "90th GER-ch 2019"]
[Site "Magdeburg"]
[Date "2019.05.29"]
[Round "5.4"]
[White "Polster, Christian"]
[Black "Kvetny, Mark"]
[Result "0-1"]
[WhiteElo "2236"]
[BlackElo "2414"]
[Annotator "RC"]
[PlyCount "62"]
[EventDate "2019.05.26"]
[EventType "tourn"]
[EventCountry "GER"]
[SourceTitle "playchess.com"]
[Source "ChessBase"]
[SourceQuality "1"]
[TimeControl "40/5400+30:1800+30"]

1. e4 {[%emt 0:00:00]} e5 {[%emt 0:00:00]} 2. Nf3 {[%emt 0:00:00]} Nf6 {[%emt 0:00:00]} 3. Nxe5 {[%emt 0:00:43]} d6 {[%emt 0:00:00]} 4. Nf3 {[%emt 0:00:08]} Nxe4 {[%emt 0:00:00]} 5. Nc3 {[%emt 0:00:09]} Nxc3 {[%emt 0:00:13]} 6. dxc3 {[%emt 0:00:06]} Be7 {[%emt 0:00:08]} 7. Be3 {[%emt 0:00:49]} O-O {[%emt 0:03:21]} 8. Qd2 {[%emt 0:03:36]} b6 {[%emt 0:01:30]} 9. O-O-O {[%emt 0:02:27]} Bb7 {[%emt 0:02:16]} 10. Nd4 {[%emt 0:07:53]} a6 {[%emt 0:07:18]} 11. c4 {[%emt 0:03:23]} Nd7 {[%emt 0:03:21]} 12. Kb1 {[%emt 0:01:32]} Re8 {[%emt 0:04:26]} 13. Nf5 {[%emt 0:03:33]} Bf6 {[%emt 0:03:09]} 14. h4 {[%emt 0:02:23]} b5 {[%emt 0:23:17]} 15. Bd4 {[%emt 0:16:31]} bxc4 {[%emt 0:05:59]} 16. Bxc4 {[%emt 0:03:54]} Ne5 {[%emt 0:03:01]} 17. Bf1 {[%emt 0:13:54]} c5 {[%emt 0:04:23]} 18. Be3 {[%emt 0:16:20]} d5 {[%emt 0:05:10]} 19. Bxc5 {[%emt 0:13:45]} Qc8 {[%emt 0:01:17]} 20. Qb4 {[%emt 0:02:26]} a5 {[%emt 0:09:42]} 21. Qb3 {[%emt 0:02:57]} Qxc5 {[%emt 0:03:41]} 22. Qxb7 {[%emt 0:01:15]} Reb8 {[%emt 0:00:24]} 23. Qxd5 {[%emt 0:00:44]} Rxb2+ {[%emt 0:00:18]} 24. Ka1 {[%emt 0:01:08]} Rxa2+ {[%emt 0:04:16]} 25. Kxa2 {[%emt 0:01:59]} Qxc2+ {[%emt 0:00:08]} 26. Ka3 {[%emt 0:00:50]} Nc4+ {[%emt 0:00:21]} 27. Qxc4 {[%emt 0:00:33]} Bb2+ {[%emt 0:00:12]} 28. Ka2 {[%emt 0:00:30]} Bc3+ {[%emt 0:00:07]} 29. Ka3 {[%emt 0:00:19]} Bb4+ {[%emt 0:00:42]} 30. Qxb4 {[%emt 0:00:26]} axb4+ {[%emt 0:00:02]} 31. Kxb4 {[%emt 0:00:11]} Qxd1 {[%emt 0:02:37]} 0-1

[Event "90th GER-ch 2019"]
[Site "Magdeburg"]
[Date "2019.05.29"]
[Round "5.5"]
[White "Rosner, Jonas"]
[Black "Becker, Marcel"]
[Result "1/2-1/2"]
[WhiteElo "2413"]
[BlackElo "2308"]
[Annotator "TA"]
[PlyCount "84"]
[EventDate "2019.05.26"]
[EventType "tourn"]
[EventCountry "GER"]
[SourceTitle "playchess.com"]
[Source "ChessBase"]
[SourceQuality "1"]

{[%evp 16,84,34,28,29,28,30,30,32,29,31,24,19,20,42,33,51,39,41,14,14,0,0,0,0,-30,-21,-81,-24,-41,-54,-40,-68,-101,-27,-30,-27,-27,-27,-34,-28,-58,-31,-131,-140,-190,-177,-157,-115,-186,-81,-64,-39,-36,-39,-42,-27,-28,0,0,0,0,0,0,0,0,0,0,0,0,0]} 1. e4 c6 2. d4 d5 3. exd5 cxd5 4. Bd3 Nc6 5. c3 Nf6 6. Bf4 Bg4 7. Qb3 Qc8 8. Nd2 e6 9. Ngf3 Bh5 {B13: Caro-Kann: Exchange Variation and Panov-Botvinnik Attack} (9... Be7 10. O-O O-O 11. Rfe1 Bh5 12. g3 Bg6 13. Bxg6 hxg6 14. h4 Re8 15. Kg2 Nh5 16. Be3 b5 17. a3 a5 18. Qd1 b4 19. a4 Rb8 {0-1 (63) Giri,A (2782)-Mamedyarov,S (2801) chess.com INT 2018}) 10. O-O Bg6 11. Bxg6 hxg6 {White has an edge.} 12. Rfe1 Be7 13. h4 $146 ({Predecessor:} 13. h3 a6 14. c4 a5 15. Be5 a4 16. Qe3 O-O 17. Bxf6 Bxf6 18. cxd5 exd5 {½-½ (43) Burke,J (2526)-Erenburg,S (2564) Greensboro 2018}) 13... a6 14. a4 Nd7 15. g3 O-O 16. Kg2 Nf6 17. Ng5 Nh5 18. Be3 Bd6 19. Ndf3 Qc7 {[%cal Rd6g3]} 20. Rh1 Rae8 {[%cal Rd6g3]} 21. g4 (21. Qd1 $11 {remains equal.}) 21... Nf4+ (21... Nf6 $17 22. h5 Nxg4 23. hxg6 fxg6) 22. Bxf4 Bxf4 23. Rae1 Qd7 24. Kf1 e5 (24... f6 $17 25. Nh3 Bc7) 25. dxe5 $11 Nxe5 26. Nxe5 Rxe5 27. Rxe5 Bxe5 28. Nf3 Qxg4 29. Qxd5 {[#]} (29. Nxe5 $15 Qe4 {[%mdl 64] Double Attack} 30. Rh3 Qxe5 31. Re3) 29... Bf6 $1 $17 {aiming for ...Rd8.} 30. Qxb7 {[#]} Rd8 $1 {[%cal Rd8d1] Hoping for ...Rd1+.} ({Don't do} 30... Qxa4 31. Rh3 $17) 31. Ne1 Rd2 32. Qa8+ (32. Qf3 $17 Qxa4 33. h5) 32... Kh7 (32... Bd8 $19 {is more deadly. ( -> ...Qe2+)} 33. Qf3 Qxa4) 33. Qf3 Qxf3 (33... Qf5 {seems wilder.} 34. b3 Rb2 35. c4 Bd4 36. Qxf5 gxf5 37. Nd3 Rb1+) 34. Nxf3 Rxb2 $15 {[%mdl 4096] Endgame KRB-KRN} 35. Kg2 Bxc3 36. Rc1 Rb3 37. Ng5+ $1 {The position is equal.} Kh6 38. Nxf7+ Kh5 39. Ng5 Kxh4 40. Ne4 Bf6 41. Rc6 Rb4 42. Nxf6 gxf6 {Accuracy: White = 47%, Black = 49%.} 1/2-1/2